Considerations upon the American enquiry ...

Bibliographic Details
Main Author: Dallas, Robert, Sir, 1756-1824
Format: Microform Book
Language:English
Subjects:

MARC

Tag First Indicator Second Indicator Subfields
LEADER 00000cam a2200000 a 4500
001 in00000091256
005 20150923131558.0
007 he b| ba||
008 780510r1779 kyu b 00000 eng d
035 |a (OCoLC)03882776 
035 |9 AAK6847AM 
040 |a TOL  |c TOL  |d TXA  |d UtOrBLW 
043 |a n-us--- 
049 |a TXAI 
099 |a fiche  |a C  |a 4352 
100 1 |a Dallas, Robert,  |c Sir,  |d 1756-1824. 
245 1 0 |a Considerations upon the American enquiry ... 
264 3 |a London :  |b Printed for J. Wilkie,  |c 1779. 
300 |a 55 pages ;  |c 23 cm. 
336 |a text  |b txt  |2 rdacontent 
337 |a microform  |b h  |2 rdamedia 
338 |a microfiche  |b he  |2 rdacarrier 
500 |a Relates to the parliamentary inquiry into the conduct of the American war. 
500 |a "Sabin : 18321." 
500 |a "Copied from the original in the Library of Congress." 
533 |a Microfiche.  |b Louisville, [Ky.] :  |c Lost Cause Press,  |d 1977.  |e 2 microfiches : negative ; 11 x 15 cm.  |f ([Bibliotheca Americana. Selected Americana. Microfiche ed. / J. Sabin]) (Fiche book) 
500 |a Microform. 
600 1 0 |a Howe, William Howe,  |c Viscount,  |d 1729-1814. 
651 0 |a United States  |x History  |y Revolution, 1775-1783. 
999 |a MARS 
999 f f |s c9337c91-22e3-35f1-83f3-0e81ea245f25  |i 20881588-cafb-3653-9f07-06a1afe2517d  |t 0 
952 f f |p normal  |a Texas A&M University  |b College Station  |c Sterling C. Evans Library  |d Evans: Microforms (3rd floor)  |t 0  |e fiche C 4352  |h Other scheme  |i microform -- microfiche  |m A14821688349 
998 f f |a fiche C 4352  |t 0  |l Evans: Microforms (3rd floor)